LAW DICTIONARY (Record no. 25552)

MARC details
000 -LEADER
fixed length control field 00266nam a22001337a 4500
003 - CONTROL NUMBER IDENTIFIER
control field SGT
082 ## - DEWEY DECIMAL CLASSIFICATION NUMBER
Classification number 340
Item number BIS
100 ## - MAIN ENTRY--PERSONAL NAME
Personal name BISWAS A R
245 ## - TITLE STATEMENT
Title LAW DICTIONARY
250 ## - EDITION STATEMENT
Edition statement 2
260 ## - PUBLICATION, DISTRIBUTION, ETC. (IMPRINT)
Place of publication, distribution, etc CALCUTTA
Name of publisher, distributor, etc EASTERN LAW HOUSE
Year of Publication 1982
300 ## - PAGE DESCRIPTION
No. of Pages 694
942 ## - ADDED ENTRY ELEMENTS (KOHA)
Source of classification or shelving scheme Dewey Decimal Classification
Koha item type Books
Holdings
Withdrawn status Lost status Source of classification or shelving scheme Damaged status Not for loan Collection code Home library Current library Shelving location Date acquired SGTU Total Checkouts Full call number Accession No. (Barcode) Date last seen Bill Date Koha item type
    Dewey Decimal Classification     LAW SGT Science & Social Sciences Library SGT Science & Social Sciences Library Text Book 29/12/2023 SGTU   340 BIS FL3191 29/12/2023 29/12/2023 Books